000 00631pam a2200205 a 4500
001 4032460
005 20241122100201.0
008 980126s1999 njua b 001 0 eng
020 _a0139228241 (hardcover)
020 _a9780139228247
050 0 0 _aHD58.7
_b.G67 1999
082 0 0 _a658.3
_221
100 1 _aGordon, Judith R.
245 1 0 _aOrganizational behavior :
_ba diagnostic approach /
_cJudith R. Gordon.
250 _a6th ed.
260 _aUpper Saddle River, N.J. :
_bPrentice Hall,
_cc1999.
300 _axxi, 569 p. :
_bill. (some col.) ;
_c26 cm.
650 0 _aOrganizational behavior.
942 _2lcc
_cBK
_e6th Ed.
_n0
999 _c1412
_d1412